Capital Pairs by Letters Quiz Stats

Quiz Updated Jan 29, 2015

Challenge
Share
Tweet
Embed
Score 0/46 Timer 08:00
13 Plays Today
% Correct
Bangkok
78.8%
London
77.2%
Jakarta
75.6%
Washington, (D.C.)
73.4%
Paris
70.9%
Lisbon
65.8%
Bishkek
65%
Hanoi
61.8%
Nairobi
60.5%
Wellington
59.5%
Helsinki
56.9%
Caracas
55.6%
Yerevan
55.6%
Athens
53.9%
Djibouti
52%
Brussels
50%
Baku
49.9%
Tallinn
49.2%
Amman
48.5%
Dili
48.4%
Buenos Aires
47.9%
Kingston
45.1%
Bissau
44.7%
% Correct
Panama City
43.7%
Tehran
43.1%
Kampala
41.7%
Juba
40.9%
Male
40.7%
Yaren
40.3%
AsunciĆ³n
39.1%
New Delhi
37.9%
Prague
37.4%
Kingstown
37.2%
Algiers
36.7%
Kinshasa
34.8%
Mogadishu
34.4%
Port-au-Prince
33.8%
Castries
33.4%
Maseru
33.4%
Porto Novo
33.3%
Paramaribo
32.4%
Port Moresby
30.9%
St. John's
30.7%
Port Louis
28.9%
St. George's
28.8%
Mbabane
21.7%

You're not logged in!

Compare scores with friends on all Sporcle quizzes.
Sign Up with Email
OR
Log In

You Might Also Like...

Show Comments

Extras

Top Quizzes Today


Score Distribution

Your Account Isn't Verified!

In order to create a playlist on Sporcle, you need to verify the email address you used during registration. Go to your Sporcle Settings to finish the process.